| 000 | 00391nam a22001337a 4500 | ||
|---|---|---|---|
| 082 |
_a355.009567 _bIRA _cL-28, p-118 |
||
| 100 |
_aThe Iraqi Army _949033 |
||
| 245 |
_aThe Iraqi army sixtieth anniversary 6th. January 1921 - 1981 _cThe Iraqi Army |
||
| 260 |
_aIraq _bThe Iraqi Army |
||
| 300 | _a210 p: | ||
| 526 |
_a0 _b0 _c0 _d355_009567000000000_IRA |
||
| 650 |
_aMCE _9379 |
||
| 942 |
_2ddc _cBK |
||
| 999 |
_c551867 _d551867 |
||